000 00435nam a2200181Ia 4500
001 9499
005 20260306161723.0
008 260306t2006||||xx |||||||||||||| ||spa||
041 _aESP
082 _a379.85
_bB43
100 _aBenavides, Martín
_eAUT
245 0 _aPolíticas de educación básica 2006-2011
260 _c2006
300 _a43 páginas :
_c29 cm.
650 _aGEN
654 _aCED
942 _cLIB
_dJUS
_fJUS
_2ddc
_n
999 _c9499
_d9499